| 000 | 00905nam a2200181 i 4500 | ||
|---|---|---|---|
| 001 | 132464 | ||
| 003 | ES-MaACL | ||
| 005 | 20230906194201.0 | ||
| 007 | t| | ||
| 008 | 070214m19531967sp r ||||1| spa d | ||
| 100 | 1 |
_aRomero López, Francisco. _999404 |
|
| 245 | 1 | 0 |
_aRecursos oratorios / _cFrancisco Romero López, Magistral de Zamora. |
| 260 |
_aZamora : _b[s. n.], _c1953-1967 ( _fImp. Horma) |
||
| 300 |
_a8 v. ; _c25 cm. |
||
| 505 | 8 | _aContiene: v. I-V: Parábolas, comparaciones y ejemplos para dar amenidad y claridad a la Oratoria Sagrada -- v. VI: Dominica I de Adviento a Domingo de Resurrección : cuatro homilías para cada Dominica del año, con los sermones de las Fiestas -- v. VII: Dominicas de tiempo de Pentecostés -- v. VIII: Pláticas para todas las circunstancias en que puede verse el orador sagrado | |
| 650 | 4 |
_aOratoria sagrada. _9168466 |
|
| 852 |
_aES-MaACL _jP-912 _bR.38931 |
||
| 999 |
_c132464 _d132464 |
||